Bandes dessinées franco-belges adaptées au cinéma - Mort subite - Statistiques

Statistiques générales
  • Ce quiz a été pris 10 137 fois
    10 073 depuis la dernière actualisation
  • Le résultat moyen est 8 sur 20
Answers on the Grid
Answers color-coded by a green-red scale on the quiz's grid according to % correct below.
Tintin
Astérix
Gaston
Lucky Luke
Marsupilami
Spirou et Fantasio
Les Profs
Valérian et Laureline
Iznogoud
Boule et Bill
Benoît Brisefer
Les Schtroumpfs
Bécassine
Michel Vaillant
Ducobu
Adèle Blanc-Sec
Les Pieds nickelés
Les Vieux Fourneaux
Largo Winch
Lou !
XIII
Yoko Tsuno
L'Agent 212
Les Sisters
Mortelle Adèle
Rahan
Mélusine
Quick et Flupke
Thorgal
Le Chat
Les Petits Hommes
Achille Talon
Léonard
Cédric
Kid Paddle
Les Tuniques bleues
 
Statistiques - réponses
Réponse % Correct
Tintin et le Mystère de la Toison d'Or (1961) Tintin
66%
Astérix et Obélix : Mission Cléopâtre (2002) Astérix
65%
Les Schtroumpfs (2011) Les Schtroumpfs
64%
Sur la piste du Marsupilami (2012) Marsupilami
60%
L'Elève Ducobu (2011) Ducobu
59%
Lucky Luke (2009) Lucky Luke
59%
Boule et Bill (2013) Boule et Bill
56%
Les Profs (2013) Les Profs
54%
Gaston Lagaffe (2018) Gaston
46%
Les Aventures de Spirou et Fantasio (2018) Spirou et Fantasio
41%
Largo Winch (2008) Largo Winch
31%
Iznogoud (2005) Iznogoud
26%
Les Aventures extraordinaires d'Adèle Blanc-Sec (2010) Adèle Blanc-Sec
25%
Lou ! Journal infime (2014) Lou !
22%
Valérian et la Cité des mille planètes (2017) Valérian et Laureline
21%
Michel Vaillant (2003) Michel Vaillant
20%
Bécassine ! (2018) Bécassine
17%
Les Vieux Fourneaux (2018) Les Vieux Fourneaux
12%
Benoît Brisefer : Les Taxis rouges (2014) Benoît Brisefer
8%
Les Aventures des Pieds-Nickelés (1948) Les Pieds nickelés
4%
Aucun quiz correspondant
Distribution des résultats
% des personnes avec chaque résultat
Percentile par nombre de réponses
Votre historique - résultats
Vous n’avez pas pris ce quiz depuis la dernière actualisation